000 00833nam a22002537a 4500
001 126862
003 UA-OsUOA
005 20220119185443.0
007 ta
008 20171113b un ||||| |||| 00| 0 ukr d
020 _a978-966-176-117-8
040 _aUA-OsUOA
_bukr
_cUA-OsUOA
_dUA-OsUOA
041 _aukr
080 _a929:32
090 _a929:32
_bМ93
100 _aМушинка М.
245 _aВірний син Пряшівщини. Життя і політично-громадська діяльність Василя Капішовського
260 _aУжгород
_bГражда
_c2014
300 _a200 с.
650 7 _a9 Географія. Біографії. Історія
_2UDC
942 _cBK
_2udc
955 _a1
999 _c414010
_d414010